| 000 | 00605nam a22001817a 4500 | ||
|---|---|---|---|
| 999 |
_c18286 _d18286 |
||
| 008 | 200318b xxu||||| |||| 00| 0 eng d | ||
| 020 | _a0198566625 | ||
| 040 |
_aKABU _cKABU |
||
| 050 |
_aQA276.6 _b.C43 2012 c. 1 |
||
| 100 | _aChambers, Raymond L. | ||
| 245 |
_aAn introduction to model-based survey sampling with applications _cRaymond L. Chambers, Robert G. Clark |
||
| 260 |
_aOxford _bOUP _c2012 |
||
| 300 | _axiv, 265 p. | ||
| 650 |
_aSampling (Statistics) _vMethodology |
||
| 650 |
_aSampling (Statistics) _xMathematical models |
||
| 700 | _aClark, Robert G. | ||
| 942 |
_2lcc _cBK _hQA276.6 |
||